| 000 | 00579nam a22002057a 4500 | ||
|---|---|---|---|
| 005 | 20240611143426.0 | ||
| 008 | 240611b |||||||| |||| 00| 0 eng d | ||
| 020 | _a9780113102981 | ||
| 082 |
_a615 _bHAM-A |
||
| 100 | _aHamblen;David L. | ||
| 245 |
_aAdams's Outline of Fractures : _bIncluding joint injuries / _cDavid L.Hamblen, Hamish,Simpson |
||
| 250 | _a12th ed. | ||
| 260 |
_aIndia ; _bElsvier; _c2007. |
||
| 300 |
_a328p. _bill; _c23.5cm. |
||
| 500 | _ainclude index . | ||
| 650 | _aMedical / Orthopeadic | ||
| 700 | _aHamish, | ||
| 700 | _aSimpson, | ||
| 999 |
_c35899 _d35899 |
||